Loading...
| Fine Arts - Painting and Sculpture | 0 | 5 | 1 | 0 | 45 | 77 | 93.40 | 1 | 2 | 10.20 | 29.64 |
| Literature - European | 0 | 3 | 0 | 0 | 30 | 108 | 109.67 | 0 | 1 | 1.12 | 15.71 |
| Social Science | 0 | 3 | 0 | 0 | 30 | 46 | 64.00 | 2 | 3 | 15.41 | 34.38 |
| History - European | 0 | 4 | 3 | 0 | 25 | 29 | 68.50 | 1 | 2 | 8.01 | 10.62 |
| Mythology | 0 | 3 | 1 | 1 | 25 | 58 | 83.33 | 1 | 2 | 7.74 | 18.57 |
| Literature - British | 0 | 2 | 0 | 0 | 20 | 88 | 93.00 | 0 | 1 | 2.55 | 8.10 |
| Geography | 0 | 2 | 0 | 1 | 20 | 69 | 76.50 | 0 | 0 | 12.81 | 7.86 |
| Literature - World | 0 | 3 | 2 | 0 | 20 | 61 | 76.67 | 1 | 3 | 10.08 | 23.39 |
| Popular Culture | 0 | 2 | 0 | 0 | 20 | 87 | 102.00 | 0 | 0 | 4.18 | 10.00 |
| History - Other | 0 | 2 | 1 | 0 | 15 | 85 | 96.00 | 0 | 2 | 2.27 | 8.75 |
| History - World | 0 | 2 | 1 | 0 | 15 | 38 | 47.00 | 0 | 2 | 11.08 | 13.75 |
| Fine Arts - Other | 0 | 2 | 1 | 1 | 15 | 71 | 85.00 | 0 | 1 | 3.77 | 10.00 |
| Religion | 0 | 1 | 0 | 0 | 10 | 13 | 13.00 | 1 | 1 | 8.81 | 7.50 |
| Philosophy | 0 | 1 | 0 | 0 | 10 | 37 | 37.00 | 0 | 1 | 7.83 | 9.38 |
| Fine Arts - Classical Music | 0 | 1 | 0 | 0 | 10 | 92 | 92.00 | 1 | 1 | 2.92 | 8.57 |
| Current Events | 0 | 1 | 1 | 0 | 5 | 67 | 67.00 | 0 | 1 | 8.74 | 15.63 |
| Science - Other | 0 | 0 | 1 | 0 | -5 | 0.00 | 0 | 0 | 0.00 | 0.00 | |
| Literature - American | 0 | 0 | 1 | 0 | -5 | 0.00 | 0 | 0 | 0.00 | 0.00 |